LEADER 01192nam0-22003851i-450 001 990001788380403321 005 20190529131424.0 035 $a000178838 035 $aFED01000178838 035 $a(Aleph)000178838FED01 035 $a000178838 100 $a20030910f198.----km-y0itay50------ba 101 0 $aita 102 $aIT 105 $ay-------001yy 200 1 $a<>punto sulla difesa antiperonosporica della vite$estrategie di difesa in Emilia Romagna$fIvan Ponti, A. Brunelli, A. Montermini, R. Barbieri, V. Testi, P. Ottolini, A. Venturi 210 $aBologna$cOsservatorio per le malattie delle piante$d[198.] 215 $a8 p.$d30 cm 610 0 $aPeronospora 610 0 $aViti 676 $a589.252 702 1$aBarbieri,$bRaffaele 702 1$aBrunelli,$bAgostino 702 1$aMontermini,$bAnselmo 702 1$aOttolini,$bPierluigi 702 1$aPonti,$bIvan 702 1$aTesti,$bV. 702 1$aVenturi,$bAntonio 801 0$aIT$bUNINA$gRICA$2UNIMARC 901 $aLG 912 $a990001788380403321 952 $a60 OP. 130/8$b5123$fFAGBC 959 $aFAGBC 996 $aPunto sulla difesa antiperonosporica della vite$9408029 997 $aUNINA LEADER 00986nam a2200253 i 4500 001 991002760619707536 005 20020503173055.0 008 010104s1923 it ||| | ita 035 $ab10410132-39ule_inst 035 $aEXGIL109304$9ExL 040 $aBiblioteca Interfacoltā$bita 082 0 $a839.736 100 1 $aStrindberg, August$0126055 245 13$aIl figlio di una serva :$bla storia di un'anima /$cAugust Strindberg ; versione dall'originale svedese a cura di Astrid Ahnfeld ; con introduzione di Giulio Manacorda 260 $aFirenze :$bSansoni,$c1923 300 $aXXIV, 240 p. 500 $aTit. orig.: Tjänstekvinnans son 700 1 $aAhnfeld, Astrid 907 $a.b10410132$b02-04-14$c27-06-02 912 $a991002760619707536 945 $aLE002 It. XII C 3$g1$i2002000657657$lle002$o-$pE0.00$q-$rn$so $t0$u0$v0$w0$x0$y.i10477895$z27-06-02 996 $aFiglio di una serva$9218448 997 $aUNISALENTO 998 $ale002$b01-01-01$cm$da $e-$fita$git $h3$i1